000 01327nam a2200253Ia 4500
999 _c34589
_d34589
001 350
003 GE_BSU
005 20200128171447.0
008 181216s1999||||ge |||||||||||||| ||geo||
040 _cGE_BSU
041 _ageo
080 _a615.8 მ-57
100 _aმერაბიშვილი, გივი
_96460
245 _aფსიქოთერაპია :
_bფსიქოთერაპ. სკოლა "მენცარი"/
_cგივი მერაბიშვილი.
264 _aთბილისი,
_b
_c1999.
300 _a206 გვ.
_b20სმ.
520 _aწიგნში განხილულია სხვადასხვა ფსიქოთერაპიული მიმდინარეობა მათი თეორიული წინამძღვრების, აღმოცენების მიზეზების, მკურნალობის მეთოდიკისა და პრაქტიკული გამოყენების ჩვენებით
653 _aაუტოტრენინგი
653 _aიოგა
653 _aფსიქოანალიზი
653 _aფსიქოთერაპია
653 _aშრომათერაპია
942 _cBK
_2udc